000 00408pab a2200157 454500
008 180718b2009 xxu||||| |||| 00| 0 eng d
100 _aDash, Atish Kumar
245 _aComprehending poverty in relation to household asset ownership: a state level analysis
260 _c2009
300 _ap.251-67.
362 _aJul-Sep
650 _aPoverty
773 _aMan in India
908 _aN
909 _a85059
999 _c85059
_d85059